000 01151nam a2200313 a 4500
001 63105
003 BD-RjUL
005 20211209081147.0
008 170128s2003 ja b 000 0 eng d
035 _a(BD-RjUL)63233
040 _aDLC
_cDLC
_beng
_dBD-RjUL
041 1 _aeng
_hjpn
082 _223
_a952.044
_bKEB 2003
100 1 _aUshimura, Kei,
_d1959-
_9187761
245 1 0 _aBeyond the "Judgment of civilization" :
_bthe intellectual legacy of the Japanese war crimes trials, 1946-1949 /
_cUshimura Kei ; translated by Steven J. Ericson.
250 _a1st English ed.
260 _aTokyo :
_bInternational House of Japan,
_c2003.
300 _axvii, 336 p. ;
_c24 cm.
504 _aIncludes bibliographical references (p. 327-336).
650 0 _aTokyo Trial, Tokyo, Japan, 1946-1948.
_9187763
650 0 _aWar criminals
_zJapan.
_9187764
650 0 _aWar crime trials
_zJapan.
_9187765
650 0 _aEast and West.
_9187766
700 1 _aEricson, Steven J.,
_d1953-
_9187767
942 _2ddc
_cBK
999 _c63105
_d63105